000 00863cab a22002535a 4500
001 L159974
008 150113e2016 xxk 000 0 eng d
035 _a(Sirsi) u159974
041 0 _aeng
050 _a690.25 $2 18
100 1 _aRushton, Trevor
100 2 _aDanby, Mark
245 0 0 _aRaincoats and overcoats
_h[electronic resource]
260 _aLondon
_bRICS
_c2016
490 _aRICS Building Surveying Journal
_vOctober 2016 - November 2016, 8-9(2)
520 _aStresses the importance of breathable renders.
650 2 4 _aRENDER
650 2 4 _aMOISTURE CONTROL
650 2 4 _aBUILT ENVIRONMENT-BUILDING PATHOLOGY
650 2 4 _aBUILDING FABRIC
690 _aBuilding materials and defects
856 4 0 _uhttps://www.rics.org/Global/BSJ-BCJ%20Oct%20Nov%202016%20Interactive.pdf
_zView the article free of charge at www.rics.org...
942 _n0
999 _c85095
_d85095